000 00555nam a2200193Ia 4500
003 GCL
008 140319s9999 xx 000 0 ara d
040 _aGCL /
_cGCL
082 0 4 _a811.094
_bم ن
100 1 _aمحمد المهدى المجذوب
245 1 0 _aنار المجاذيب /
_cمحمد المهدى المجذوب
260 _a[S.N] :
_bدار الجيل ،
_c1982
300 _a408 ص
490 _a
650 0 4 _aالشعر العربى
650 0 4 _aالادب العربى
650 0 4 _aالعصر الحديث
942 _2ddc
_cBK
999 _c58519
_d58519